[Event "IV Open Internacional Calvia"]
[Site "Calvia"]
[Date "2007.10.23"]
[Round "9.23"]
[White "Cornette, Matthieu"]
[Black "Tscharotschkin, Michael"]
[Result "1-0"]
[WhiteElo "2494"]
[BlackElo "2290"]
[PlyCount "47"]
[EventDate "2007.??.??"]

1. Nc3 e6 2. e4 d5 3. d4 Bb4 4. exd5 exd5 5. Bd3 Nf6 6. Nge2 O-O 7. a3 Bd6 8.
Bg5 c6 9. Qd2 Bg4 10. f3 Bh5 11. Nf4 Bg6 12. Nxg6 hxg6 13. O-O Nbd7 14. Kh1 Qc7
15. f4 Rfe8 16. f5 gxf5 17. Rxf5 Bxh2 18. Bxf6 Nxf6 19. g3 Bxg3 20. Rg1 Re6 21.
Qg5 Ne4 22. Nxe4 dxe4 23. Rxg3 f6 24. Qe3 1-0

[Event "IV Open Internacional Calvia"]
[Site "Calvia"]
[Date "2007.10.23"]
[Round "9.24"]
[White "Wirig, Anthony"]
[Black "Grant, Jonathan"]
[Result "1-0"]
[WhiteElo "2467"]
[BlackElo "2261"]
[PlyCount "91"]
[EventDate "2007.??.??"]

1. d4 Nf6 2. c4 e6 3. Nc3 Bb4 4. Qc2 c5 5. dxc5 O-O 6. a3 Bxc5 7. Nf3 b6 8. Bg5
Bb7 9. e4 Be7 10. Rd1 h6 11. Bh4 Nh5 12. Bxe7 Qxe7 13. Be2 Nf4 14. O-O d6 15.
Qd2 Nxe2+ 16. Qxe2 Nc6 17. Rd2 Rfd8 18. Rfd1 a6 19. Na4 Qc7 20. Qe3 b5 21. Qb6
Qe7 22. cxb5 axb5 23. Qxb5 Ra5 24. Qb3 Ne5 25. Nxe5 Rxe5 26. f3 d5 27. Qb4 Qxb4
28. axb4 Rb8 29. Nc3 dxe4 30. Rd8+ Rxd8 31. Rxd8+ Kh7 32. fxe4 Bxe4 33. b5 Bb7
34. Rd7 Bd5 35. b6 Re1+ 36. Kf2 Rc1 37. Ke3 Rc2 38. Nxd5 exd5 39. b7 Rxb2 40.
Kd4 Kg6 41. Kxd5 f5 42. Kc6 Rc2+ 43. Kd6 Rd2+ 44. Kc7 Rc2+ 45. Kd8 Rb2 46. Kc8
1-0

[Event "IV Open Internacional Calvia"]
[Site "Calvia"]
[Date "2007.10.23"]
[Round "9.25"]
[White "Iturrizaga, Eduardo"]
[Black "Farrell, Neil"]
[Result "1-0"]
[WhiteElo "2435"]
[BlackElo "2194"]
[PlyCount "91"]
[EventDate "2007.??.??"]

1. Nf3 Nf6 2. g3 e6 3. Bg2 d5 4. O-O c5 5. c4 d4 6. b4 cxb4 7. a3 Nc6 8. d3 a5
9. Bb2 Ra6 10. Nbd2 e5 11. Qa4 Nd7 12. Qc2 Bc5 13. axb4 Nxb4 14. Qa4 O-O 15.
Nb3 b6 16. Nfd2 Qc7 17. f4 Nf6 18. Nxc5 bxc5 19. Ne4 Ng4 20. Qb5 Nc2 21. Qxc5
Qb8 22. Ba3 Nxa3 23. Qxa3 exf4 24. Rfb1 Rb6 25. Rxb6 Qxb6 26. Qxa5 Qh6 27. h3
fxg3 28. Qg5 Qxg5 29. Nxg5 Ne3 30. Ra7 h6 31. Nf3 Nf5 32. h4 Be6 33. h5 Rb8 34.
Ra1 Rd8 35. Ne5 f6 36. Nc6 Re8 37. Be4 Nd6 38. Bg6 Bf7 39. Nxd4 Rf8 40. Ra7 Nc8
41. Rb7 Nd6 42. Rd7 Nc8 43. c5 Be8 44. Rc7 Bxg6 45. hxg6 f5 46. Nxf5 1-0

[Event "IV Open Internacional Calvia"]
[Site "Calvia"]
[Date "2007.10.23"]
[Round "9.26"]
[White "Mogranzini, Roberto"]
[Black "Persson, Mats"]
[Result "1-0"]
[WhiteElo "2415"]
[BlackElo "2131"]
[PlyCount "71"]
[EventDate "2007.??.??"]

1. e4 c5 2. Nf3 e6 3. d4 cxd4 4. Nxd4 a6 5. Nc3 Qc7 6. g3 b5 7. Bg2 b4 8. Na4
Bb7 9. O-O Nc6 10. c3 Nf6 11. cxb4 Bxb4 12. a3 Be7 13. Be3 Nxd4 14. Qxd4 e5 15.
Qd3 Bc6 16. Nc3 O-O 17. b4 Rfc8 18. h3 Qb7 19. Rfc1 h6 20. Rab1 d6 21. Kh2 Bd7
22. Qd1 Rc7 23. Na4 Rac8 24. Rxc7 Rxc7 25. Nb6 Bc6 26. Nd5 Nxd5 27. exd5 Bb5
28. a4 Bc4 29. b5 axb5 30. axb5 Rc8 31. Rb4 Qd7 32. Qa4 Bd3 33. b6 Qb7 34. Qa3
Bc2 35. Qa7 Rb8 36. Rc4 1-0

[Event "IV Open Internacional Calvia"]
[Site "Calvia"]
[Date "2007.10.23"]
[Round "9.28"]
[White "Aloma Vidal, Robert"]
[Black "Gurbanzade, Erkin"]
[Result "0-1"]
[WhiteElo "2398"]
[BlackElo "2179"]
[PlyCount "92"]
[EventDate "2007.??.??"]

1. d4 Nf6 2. Nf3 g6 3. c4 Bg7 4. Nc3 O-O 5. e4 d6 6. h3 e5 7. dxe5 dxe5 8. Qxd8
Rxd8 9. Bg5 Re8 10. O-O-O Na6 11. Be3 c6 12. c5 Bf8 13. Bxa6 bxa6 14. Ne1 a5
15. b3 Ba6 16. Nd3 Nd7 17. Na4 f5 18. exf5 gxf5 19. f4 exf4 20. Bxf4 Bxd3 21.
Rxd3 Nxc5 22. Nxc5 Bxc5 23. Rf1 Rad8 24. Rg3+ Kf7 25. Rg5 Rd5 26. Kb1 Re2 27.
g4 Rf2 28. Rxf2 Bxf2 29. gxf5 Kf6 30. Rg2 Bb6 31. Bd2 Rxf5 32. Bc3+ Ke6 33. Rg3
h5 34. a4 Kd5 35. Kc2 Ke4 36. Rg6 Rf2+ 37. Bd2 Kf5 38. Rg5+ Kf6 39. Rg8 Kf7 40.
Rg3 Bc7 41. Rd3 Bf4 42. Kc3 Bxd2+ 43. Rxd2 Rxd2 44. Kxd2 Ke6 45. Kd3 Kd5 46.
Ke3 Ke5 {illegible. Negras ganan en la jugada 56.} 0-1

[Event "IV Open Internacional Calvia"]
[Site "Calvia"]
[Date "2007.10.23"]
[Round "9.29"]
[White "Mascaro March, Pedro"]
[Black "Olias Munoz, Francisco"]
[Result "1-0"]
[WhiteElo "2370"]
[BlackElo "1950"]
[PlyCount "79"]
[EventDate "2007.??.??"]

1. d4 d5 2. Nf3 e6 3. c4 dxc4 4. Qa4+ c6 5. Qxc4 b5 6. Qc2 Bb4+ 7. Bd2 Bxd2+ 8.
Nbxd2 Nf6 9. g3 Bb7 10. Bg2 O-O 11. O-O Nbd7 12. Rfd1 Rc8 13. Nb3 Qe7 14. Rac1
Nd5 15. a3 h6 16. Nc5 Ba8 17. Nxd7 Qxd7 18. Ne5 Qc7 19. Bxd5 exd5 20. Qf5 Qe7
21. e3 g6 22. Qf4 Kg7 23. Rc5 f6 24. Nd3 Qe4 25. Qxe4 dxe4 26. Nf4 Kf7 27. Rdc1
Bb7 28. d5 cxd5 29. Rc7+ Kg8 30. Nxg6 Rxc7 31. Rxc7 Rb8 32. b4 a6 33. g4 Ba8
34. h4 Rb7 35. Rc8+ Kg7 36. Nf4 Ra7 37. Ne6+ Kf7 38. Nd4 Ke7 39. Kh2 Kd7 40.
Rxa8 1-0

[Event "IV Open Internacional Calvia"]
[Site "Calvia"]
[Date "2007.10.23"]
[Round "9.30"]
[White "Bykhovsky, Anatoly"]
[Black "Schmitz, Andreas Arnold"]
[Result "1-0"]
[WhiteElo "2364"]
[BlackElo "2093"]
[PlyCount "93"]
[EventDate "2007.??.??"]

1. Nf3 Nf6 2. c4 e6 3. d4 d5 4. Nc3 c6 5. Bg5 Nbd7 6. e3 Qa5 7. cxd5 exd5 8.
Bd3 Ne4 9. O-O f5 10. Bf4 Ndf6 11. Ne2 Bd6 12. a3 a6 13. Ne5 Bxe5 14. dxe5 g5
15. exf6 gxf4 16. Bxe4 fxe4 17. Nxf4 h5 18. Qd4 Kf7 19. f3 exf3 20. Rxf3 Bg4
21. Rf2 Rae8 22. h3 Bc8 23. Qd3 Rh6 24. Ne2 Qb5 25. Qd2 Rxf6 26. Raf1 Rxf2 27.
Rxf2+ Ke7 28. Qc2 Kd8 29. Qg6 Qc5 30. Qg5+ Kc7 31. Rf3 Kb8 32. Kf2 Qc2 33. Qxh5
Rg8 34. Qf7 d4 35. Qf4+ Ka8 36. Qxd4 Rxg2+ 37. Kxg2 Qxe2+ 38. Rf2 Bxh3+ 39. Kg3
Qe1 40. Qh8+ Ka7 41. Qxh3 Qxe3+ 42. Kg2 Qg5+ 43. Kh2 Qe5+ 44. Qg3 Qh5+ 45. Kg2
Qc5 46. b4 Qd4 47. Qg5 1-0

[Event "IV Open Internacional Calvia"]
[Site "Calvia"]
[Date "2007.10.23"]
[Round "9.31"]
[White "Ehsan, Ali"]
[Black "Zozulia, Anna"]
[Result "0-1"]
[WhiteElo "2280"]
[BlackElo "2343"]
[PlyCount "96"]
[EventDate "2007.??.??"]

1. e4 g6 2. d4 Bg7 3. Nc3 c6 4. Be3 Qb6 5. Rb1 d6 6. Bc4 Qc7 7. Qd2 Nf6 8. f3
O-O 9. Nge2 b5 10. Bb3 Bb7 11. O-O Nbd7 12. a4 b4 13. Nd1 c5 14. c4 Rab8 15. d5
e6 16. Nf2 exd5 17. exd5 Rbe8 18. Ng3 Ne5 19. Bh6 Bc8 20. h3 Re7 21. Qg5 Rfe8
22. Nfe4 Nxe4 23. Nxe4 Nd7 24. Bxg7 Kxg7 25. Qg3 Re5 26. Bc2 h6 27. h4 Nf8 28.
Rbe1 Bf5 29. Nxd6 Qxd6 30. Bxf5 Qf6 31. Be4 Rh5 32. Bxg6 Qd4+ 33. Qf2 Rxe1 34.
Qxd4+ cxd4 35. Bxh5 Re2 36. Bg4 Rxb2 37. d6 Kf6 38. c5 Rc2 39. Rd1 b3 40. Rb1
h5 41. Bxh5 b2 42. Kh2 Rxc5 43. Bg4 Rc2 44. h5 d3 45. f4 d2 46. Kg3 Nd7 47. h6
Nf8 48. Kf3 Rc1 0-1

[Event "IV Open Internacional Calvia"]
[Site "Calvia"]
[Date "2007.10.23"]
[Round "9.33"]
[White "Martinez Martin, David"]
[Black "Cruz Condori, Alfredo"]
[Result "1-0"]
[WhiteElo "2400"]
[BlackElo "2149"]
[PlyCount "63"]
[EventDate "2007.??.??"]

1. d4 Nf6 2. Nf3 e6 3. e3 b6 4. Bd3 Bb7 5. O-O c5 6. c4 Be7 7. Nc3 d6 8. d5
exd5 9. cxd5 O-O 10. e4 Na6 11. Bf4 Nc7 12. Nd2 g6 13. h3 a6 14. a4 Nd7 15. Nc4
Ne8 16. Bg3 Qc7 17. Bc2 Ng7 18. e5 Ne8 19. exd6 Nxd6 20. Ne4 Qd8 21. Ncxd6 Bc8
22. Re1 f5 23. Nxc8 Rxc8 24. d6 Bh4 25. Qd5+ Kg7 26. Bxh4 Qxh4 27. Nc3 Kh6 28.
Re7 Nf6 29. Qd2+ f4 30. g3 Qxh3 31. Qxf4+ g5 32. Qxf6+ 1-0

[Event "IV Open Internacional Calvia"]
[Site "Calvia"]
[Date "2007.10.23"]
[Round "9.34"]
[White "Munar Rossello, Pedro"]
[Black "Fierro Baquero, Martha L"]
[Result "1/2-1/2"]
[WhiteElo "2075"]
[BlackElo "2345"]
[PlyCount "77"]
[EventDate "2007.??.??"]

1. e4 g6 2. d4 Bg7 3. c4 d6 4. Nc3 Nf6 5. Nf3 O-O 6. Be2 Bg4 7. O-O Nfd7 8. Be3
c5 9. d5 Na6 10. h3 Bxf3 11. Bxf3 Nc7 12. Qd2 Re8 13. Bh6 Bh8 14. Be2 a6 15. a4
Rb8 16. f4 Bd4+ 17. Kh1 Nf6 18. Bd3 Nh5 19. Rf3 Bg7 20. f5 Be5 21. fxg6 hxg6
22. Raf1 Ng3+ 23. Rxg3 Bxg3 24. e5 e6 25. Bg5 Re7 26. exd6 Bxd6 27. Bf6 Ne8 28.
Bxe7 Qxe7 29. Qh6 Ng7 30. g4 f5 31. Qxg6 Qh4 32. Rf3 Qe1+ 33. Bf1 Qe5 34. Rf2
Qg3 35. Nd1 exd5 36. gxf5 Qxg6 37. fxg6 d4 38. Bg2 Nh5 39. Rf7 1/2-1/2

[Event "IV Open Internacional Calvia"]
[Site "Calvia"]
[Date "2007.10.23"]
[Round "9.35"]
[White "Mandic, Milenko"]
[Black "Habibi, Ali"]
[Result "1-0"]
[WhiteElo "2064"]
[BlackElo "2269"]
[PlyCount "109"]
[EventDate "2007.??.??"]

1. d4 d6 2. Nc3 g6 3. e4 Bg7 4. Be2 Nf6 5. Be3 c6 6. Nf3 Ng4 7. Bg5 Qb6 8. Rb1
h6 9. Bh4 g5 10. Bg3 Nf6 11. e5 dxe5 12. Nxe5 Be6 13. O-O h5 14. h3 Nbd7 15.
Na4 Qd8 16. Nxd7 Nxd7 17. Bxh5 Bxa2 18. Ra1 Nf6 19. Be2 Be6 20. Nc5 Bc8 21. Bf3
Kf8 22. Re1 Ng8 23. c3 f5 24. Qb3 f4 25. Bh2 Qc7 26. Bg4 b6 27. Ne6+ Bxe6 28.
Rxe6 Rh6 29. Rae1 Rd8 30. Qc2 Bf6 31. Qf5 Rd5 32. R1e5 Rd6 33. g3 f3 34. Bxf3
Kg7 35. Re1 Rxe6 36. Rxe6 c5 37. g4 Qd8 38. Be5 cxd4 39. cxd4 Rxh3 40. Kg2 Rh6
41. Qxg5+ Rg6 42. Qh5 Rh6 43. Qf5 Bxe5 44. Qxe5+ Kf8 45. Rxh6 Nxh6 46. Bd5 Nf7
47. Qf5 Qe8 48. f4 Kg7 49. Qxf7+ Qxf7 50. Bxf7 Kxf7 51. Kf3 Ke6 52. Ke4 a5 53.
g5 b5 54. f5+ Kf7 55. d5 1-0

[Event "IV Open Internacional Calvia"]
[Site "Calvia"]
[Date "2007.10.23"]
[Round "9.36"]
[White "Thomassen, Joachim"]
[Black "Raznikov, Danny"]
[Result "1/2-1/2"]
[WhiteElo "2263"]
[BlackElo "2162"]
[PlyCount "26"]
[EventDate "2007.??.??"]

1. d4 Nf6 2. c4 c5 3. Nf3 cxd4 4. Nxd4 e6 5. g3 Qb6 6. Bg2 Bc5 7. e3 Nc6 8. O-O
Nxd4 9. exd4 Bxd4 10. Nc3 e5 11. Nb5 O-O 12. Nxd4 exd4 13. b3 d5 1/2-1/2

[Event "IV Open Internacional Calvia"]
[Site "Calvia"]
[Date "2007.10.23"]
[Round "9.37"]
[White "Aroven, Mikael"]
[Black "Oliver Serrano, Angel"]
[Result "1-0"]
[WhiteElo "2201"]
[BlackElo "2094"]
[PlyCount "175"]
[EventDate "2007.??.??"]

1. c4 e5 2. g3 Nf6 3. Bg2 c6 4. d4 exd4 5. Qxd4 d5 6. cxd5 cxd5 7. Nf3 Nc6 8.
Qa4 Qb6 9. O-O Be7 10. Nc3 O-O 11. Qc2 Nb4 12. Qb1 d4 13. Ne4 Bf5 14. Nfd2 Rac8
15. a3 Nc2 16. Ra2 Qe6 17. f3 Ne3 18. Re1 Nxg2 19. Kxg2 Bh3+ 20. Kh1 h6 21.
Nxf6+ Bxf6 22. Ne4 Bf5 23. b4 Bg6 24. Nxf6+ Qxf6 25. Qb3 Qc6 26. Bd2 Bc2 27.
Qb2 d3 28. e4 Rfe8 29. b5 Qe6 30. Raa1 Rc5 31. Qd4 Rxb5 32. Qxa7 Rh5 33. a4 Qh3
34. Qf2 Qd7 35. a5 Rb5 36. g4 Qc6 37. Rg1 f6 38. h4 Kf7 39. Kg2 Rh8 40. Qd4 Re8
41. Ra3 Qc5 42. Qxc5 Rxc5 43. Kf2 Rd8 44. Ke3 Rd7 45. Rga1 Rb5 46. Rc3 Rb1 47.
Rxb1 Bxb1 48. Rc5 Bc2 49. g5 hxg5 50. hxg5 Bd1 51. Bc3 Bxf3 52. Kxf3 d2 53.
Bxd2 Rxd2 54. Rc7+ Kg6 55. gxf6 gxf6 56. Rxb7 Ra2 57. Rb5 Ra3+ 58. Kf4 Ra1 59.
Ke3 Ra4 60. Kd3 Kf7 61. Ke3 Kg6 62. Rc5 Ra3+ 63. Kd4 Kf7 64. Kd5 Ra1 65. Rc7+
Kg6 66. Ra7 Rd1+ 67. Kc6 Kg5 68. a6 Kf4 69. Re7 Ra1 70. Kb7 Rb1+ 71. Ka8 Ra1
72. a7 Rb1 73. Rb7 Ra1 74. Rb4 Rh1 75. Kb7 Rh7+ 76. Ka6 Rh8 77. Rb8 Rh1 78. Rb4
Rh8 79. Ra4 Ke5 80. Kb7 Rh7+ 81. Kb6 Rh8 82. Kc6 Rg8 83. a8=Q Rxa8 84. Rxa8
Kxe4 85. Re8+ Kd4 86. Rf8 Ke5 87. Kc5 f5 88. Re8+ 1-0

[Event "IV Open Internacional Calvia"]
[Site "Calvia"]
[Date "2007.10.23"]
[Round "9.38"]
[White "Sparreboom, Willem"]
[Black "Mack, Wolfgang"]
[Result "0-1"]
[WhiteElo "1960"]
[BlackElo "2200"]
[PlyCount "126"]
[EventDate "2007.??.??"]

1. d4 g6 2. c4 Bg7 3. Nc3 d6 4. e4 e5 5. d5 f5 6. exf5 gxf5 7. Qh5+ Kf8 8. Bd2
Bd7 9. Bd3 Nf6 10. Qh4 Na6 11. f3 Qe7 12. Nge2 h6 13. O-O Nxd5 14. Qf2 Nxc3 15.
Nxc3 Kg8 16. Nd5 Qf7 17. Rac1 Nc5 18. Bc2 c6 19. Nc3 Ne6 20. Be3 Nd4 21. Bxd4
exd4 22. Ne2 c5 23. Bd3 h5 24. Rce1 h4 25. Nf4 Be5 26. Nh3 f4 27. Qc2 Rh6 28.
Be4 Qg7 29. Kh1 Rf8 30. Qd3 Kh8 31. Rg1 Be6 32. Nf2 Qf7 33. b3 Rg8 34. Nh3 Rh5
35. a4 b6 36. Re2 Rg7 37. Ree1 Kg8 38. Bc6 a5 39. Be4 Kf8 40. Bc6 Rh8 41. Be4
Rh6 42. Re2 Rf6 43. Nf2 Ke7 44. h3 Rg3 45. Bd5 Qg6 46. Be4 Qg7 47. Qd1 Kd8 48.
Qc2 Kc7 49. Bd5 Bf5 50. Be4 Bd7 51. Bd5 Rfg6 52. Ng4 Bxg4 53. fxg4 d3 54. Qd2
dxe2 55. Be4 Bd4 56. Re1 Re6 57. Rxe2 Qe7 58. Qc2 Re3 59. Rxe3 Bxe3 60. Bf3 Bd4
61. Qf5 Re1+ 62. Kh2 Bg1+ 63. Kh1 Bf2+ 0-1

[Event "IV Open Internacional Calvia"]
[Site "Calvia"]
[Date "2007.10.23"]
[Round "9.40"]
[White "Edvardsen, Ingar"]
[Black "Castell Cantero, Salvador"]
[Result "1/2-1/2"]
[WhiteElo "1941"]
[BlackElo "2073"]
[PlyCount "31"]
[EventDate "2007.??.??"]

1. e4 d6 2. Nc3 Nf6 3. d4 g6 4. f4 Bg7 5. Nf3 O-O 6. Bd3 c5 7. d5 a6 8. a4 Qc7
9. Qe2 e6 10. O-O exd5 11. Nxd5 Nxd5 12. exd5 Bg4 13. c4 Nd7 14. Qc2 Bxf3 15.
Rxf3 f5 16. Be2 1/2-1/2

[Event "IV Open Internacional Calvia"]
[Site "Calvia"]
[Date "2007.10.23"]
[Round "9.41"]
[White "Sibilio, Mario"]
[Black "Ben Arzi, Ido"]
[Result "1-0"]
[WhiteElo "2381"]
[BlackElo "2010"]
[PlyCount "157"]
[EventDate "2007.??.??"]

1. b3 e5 2. Bb2 d6 3. c4 Nf6 4. g3 Be7 5. Bg2 c6 6. Nf3 e4 7. Nd4 d5 8. cxd5
cxd5 9. d3 exd3 10. Qxd3 O-O 11. Nc3 Nc6 12. O-O Be6 13. Rac1 Ne5 14. Nxe6 Nxd3
15. Nxd8 Nxc1 16. Nxb7 d4 17. Rxc1 dxc3 18. Rxc3 Rac8 19. Bf3 Bb4 20. Rxc8 Rxc8
21. a3 Be7 22. b4 Rc2 23. Bd4 a6 24. Na5 Ra2 25. Nc4 Ne8 26. Be5 Bf6 27. Bb8
Rc2 28. Na5 Bb2 29. a4 Bc3 30. Nc6 Rb2 31. Kg2 f6 32. Bd5+ Kf8 33. Bc4 Bxb4 34.
Bxa6 Bd6 35. Ba7 Nc7 36. Bd3 Ne6 37. Nd4 Nxd4 38. Bxd4 Rb4 39. Be3 Rxa4 40.
Bxh7 Ra3 41. Bd4 Kf7 42. Bd3 g5 43. h3 Be5 44. Bc5 Ra5 45. Bb6 Ra4 46. Bc2 Rb4
47. Bc5 Rb5 48. Be3 Rb4 49. Bf5 Bd4 50. Bc1 Ra4 51. Bd2 Ra1 52. Kf3 Kg7 53. Bd3
Rh1 54. e3 Be5 55. Bf5 Rd1 56. Ke2 Ra1 57. f4 Bc7 58. Bc3 Ra2+ 59. Kf3 Ra3 60.
Bd4 gxf4 61. gxf4 Ra5 62. Kg4 Ra2 63. Be6 Ra5 64. h4 Bd8 65. Bf5 Kh6 66. h5 Ra2
67. Bg6 Ra5 68. Bc3 Rb5 69. Be8 f5+ 70. Kf3 Rb3 71. Bd4 Bb6 72. Bf7 Rb1 73.
Bxb6 Rxb6 74. Bg6 Rxg6 75. hxg6 Kxg6 76. Ke2 Kf6 77. Kd3 Ke6 78. Kc4 Kf6 79.
Kd5 1-0

[Event "IV Open Internacional Calvia"]
[Site "Calvia"]
[Date "2007.10.23"]
[Round "9.42"]
[White "Pinheiro, Jose"]
[Black "Thollin, Robert"]
[Result "1-0"]
[WhiteElo "2331"]
[BlackElo "1964"]
[PlyCount "47"]
[EventDate "2007.??.??"]

1. e4 d6 2. d4 Nf6 3. Nc3 g6 4. h3 Bg7 5. Be3 a6 6. g3 b5 7. e5 Nfd7 8. Bg2 c6
9. f4 Bb7 10. Nge2 Qc7 11. Ne4 Nb6 12. h4 N8d7 13. h5 O-O-O 14. h6 Bf8 15. Ng5
Nc4 16. Bf2 c5 17. d5 Qa5+ 18. Kf1 Rg8 19. Nxf7 Re8 20. b3 Ncb6 21. a3 b4 22.
axb4 Qxb4 23. Be1 Qb5 24. Ra5 1-0

[Event "IV Open Internacional Calvia"]
[Site "Calvia"]
[Date "2007.10.23"]
[Round "9.43"]
[White "Molina, Jorge"]
[Black "Haugstad, Espen"]
[Result "0-1"]
[WhiteElo "2201"]
[BlackElo "2025"]
[PlyCount "124"]
[EventDate "2007.??.??"]

1. Nf3 f5 2. e4 fxe4 3. Ng5 Nf6 4. d3 e5 5. Nxe4 d5 6. Nxf6+ Qxf6 7. Qh5+ g6 8.
Qg5 Bg7 9. Qxf6 Bxf6 10. Nc3 c6 11. Bh6 Bf5 12. h4 Nd7 13. O-O-O O-O-O 14. Be2
Rhe8 15. Bg5 Rf8 16. f3 Rde8 17. Bxf6 Nxf6 18. Rdf1 Bd7 19. Bd1 Nh5 20. Ne2 h6
21. c3 Nf4 22. Nxf4 exf4 23. Re1 Kd8 24. d4 Rxe1 25. Rxe1 Re8 26. Kd2 Bf5 27.
Rxe8+ Kxe8 28. Ke2 g5 29. hxg5 hxg5 30. Kf2 Ke7 31. g4 Bg6 32. Ke2 Kd6 33. Kd2
Bb1 34. a3 c5 35. dxc5+ Kxc5 36. Be2 Bg6 37. b4+ Kd6 38. a4 b6 39. Bb5 a5 40.
Bd3 Be8 41. Bc2 Ke5 42. Kd3 Bf7 43. Bb3 Bg6+ 44. Kd2 d4 45. Bd1 Be8 46. Kd3
dxc3 47. bxa5 bxa5 48. Kxc3 Kd5 49. Bb3+ Kc5 50. Bc2 Bf7 51. Bd1 Bc4 52. Bc2
Be2 53. Be4 Bd1 54. Bb7 Bxa4 55. Ba6 Bc6 56. Be2 Bd5 57. Bd1 Bc4 58. Bc2 Be2
59. Be4 a4 60. Kd2 Bc4 61. Kc3 a3 62. Bc2 a2 0-1

[Event "IV Open Internacional Calvia"]
[Site "Calvia"]
[Date "2007.10.23"]
[Round "9.44"]
[White "Andersen, Mads"]
[Black "Hoenick, Andreas"]
[Result "0-1"]
[WhiteElo "2074"]
[BlackElo "2158"]
[PlyCount "68"]
[EventDate "2007.??.??"]

1. e4 e6 2. d4 d5 3. Nc3 Bb4 4. e5 Ne7 5. a3 Bxc3+ 6. bxc3 c5 7. Qg4 O-O 8. Bd3
Qa5 9. Bd2 Nbc6 10. Nf3 f5 11. exf6 Rxf6 12. Qh5 Nf5 13. g4 c4 14. Be2 Nd6 15.
O-O Bd7 16. Ne5 Be8 17. Qg5 Ne4 18. Qe3 Bg6 19. f3 Nxd2 20. Qxd2 Nxe5 21. dxe5
Rf7 22. Rfb1 Raf8 23. Ra2 h5 24. h3 Qd8 25. Kg2 Qh4 26. Qe1 Qg5 27. Bd1 hxg4
28. hxg4 Rf4 29. Rxb7 Rxg4+ 30. fxg4 Be4+ 31. Kh3 Qh6+ 32. Kg3 Qf4+ 33. Kh3
Qh6+ 34. Kg3 g5 0-1

[Event "IV Open Internacional Calvia"]
[Site "Calvia"]
[Date "2007.10.23"]
[Round "9.45"]
[White "Thomassen, Thomas"]
[Black "Ferrer Roig, Juan"]
[Result "1/2-1/2"]
[WhiteElo "2041"]
[BlackElo "2130"]
[PlyCount "140"]
[EventDate "2007.??.??"]

1. Nf3 d5 2. d4 e6 3. c4 c5 4. cxd5 exd5 5. Nc3 Nc6 6. g3 Nf6 7. Bg2 Bg4 8. Bg5
Bxf3 9. Bxf3 Nxd4 10. Bxd5 Be7 11. Qa4+ b5 12. Nxb5 O-O 13. Bxa8 Qxa8 14. Rg1
Nxb5 15. Qxb5 Rb8 16. Qc4 Rxb2 17. Rd1 h6 18. Bxf6 Bxf6 19. Kf1 Bd4 20. a3 Qe4
21. Qd3 Qb7 22. g4 Rb3 23. Qf5 g6 24. Qc2 Rxa3 25. Rb1 Qd5 26. e3 Rc3 27. Qe2
Qe4 28. Rd1 Bxe3 29. Rg2 Qf4 30. Rg3 Bd4 31. Rxc3 Bxc3 32. Rd8+ Kg7 33. Qe8
Qc4+ 34. Kg1 Qxg4+ 35. Kf1 Qc4+ 36. Kg1 Kf6 37. Rd6+ Kg7 38. Rd8 Kf6 39. Rd6+
Kf5 40. Qd7+ Kg5 41. Rd3 Bd4 42. Rf3 Qe6 43. Qc7 f5 44. Qd8+ Qf6 45. Rg3+ Kh5
46. Qe8 Be5 47. Re3 Qg5+ 48. Kf1 Bf4 49. Rf3 Qg4 50. Qe2 Kh4 51. Qd3 Bxh2 52.
Qc3 Qg1+ 53. Ke2 Qg4 54. Qf6+ Kh5 55. Qc3 Bf4 56. Qxc5 Bg5 57. Qc3 a5 58. Kf1
a4 59. Rg3 Qd1+ 60. Kg2 Qd5+ 61. Kg1 Qd1+ 62. Kg2 Bh4 63. Rh3 Qg4+ 64. Kh2 Qf4+
65. Kh1 Qxf2 66. Qd3 Kg4 67. Re3 Bg5 68. Qd1+ Kh4 69. Rh3+ Kxh3 70. Qg4+ fxg4
1/2-1/2

[Event "IV Open Internacional Calvia"]
[Site "Calvia"]
[Date "2007.10.23"]
[Round "9.46"]
[White "Kvisla, Johannes Luangtep"]
[Black "Navarro Cazorla, Juan"]
[Result "1-0"]
[WhiteElo "2124"]
[BlackElo "2030"]
[PlyCount "65"]
[EventDate "2007.??.??"]

1. e4 e6 2. Qe2 Be7 3. f4 d5 4. d3 c5 5. Nf3 Nc6 6. c3 Nf6 7. g3 b6 8. e5 Ng4
9. h3 Nh6 10. Be3 Nf5 11. Bf2 Ba6 12. Bg2 h5 13. Nbd2 g5 14. fxg5 Bxg5 15.
O-O-O Bh6 16. g4 Bxd2+ 17. Qxd2 Nfe7 18. Bh4 Qc7 19. Bf6 hxg4 20. hxg4 Rg8 21.
g5 Ng6 22. Rde1 b5 23. Nh4 Nxh4 24. Rxh4 b4 25. Kb1 bxc3 26. Qxc3 Qb6 27. Rc1
c4 28. dxc4 Bxc4 29. Rxc4 dxc4 30. Qa3 Kd7 31. Qd6+ Kc8 32. Bxc6 Rb8 33. Qd7#
1-0

[Event "IV Open Internacional Calvia"]
[Site "Calvia"]
[Date "2007.10.23"]
[Round "9.47"]
[White "Campos Calvo-Sotelo, Juan"]
[Black "Tofte, Sondre Waage"]
[Result "0-1"]
[WhiteElo "1971"]
[BlackElo "2107"]
[PlyCount "38"]
[EventDate "2007.??.??"]

1. b4 e5 2. a3 d5 3. e3 Nf6 4. c4 c5 5. cxd5 Nxd5 6. Bb2 cxb4 7. Bb5+ Bd7 8.
Bxd7+ Nxd7 9. Nf3 Bd6 10. axb4 Nxb4 11. O-O O-O 12. d4 e4 13. Nfd2 f5 14. Na3
Rf6 15. Nac4 Bxh2+ 16. Kh1 Rh6 17. g3 Bxg3+ 18. Kg2 Rh2+ 19. Kg1 Qh4 0-1

[Event "IV Open Internacional Calvia"]
[Site "Calvia"]
[Date "2007.10.23"]
[Round "9.49"]
[White "Larsson, Daniel"]
[Black "Galiana, Juan Ramon"]
[Result "0-1"]
[WhiteElo "1962"]
[BlackElo "2252"]
[PlyCount "82"]
[EventDate "2007.??.??"]

1. e4 e6 2. d4 d5 3. exd5 exd5 4. Qf3 Nc6 5. c3 Be6 6. Bd3 Qd7 7. h3 Nge7 8.
Ne2 Ng6 9. Nf4 Nxf4 10. Bxf4 O-O-O 11. Nd2 h6 12. g4 g5 13. Be5 Nxe5 14. dxe5
Bg7 15. Nb3 Kb8 16. Nc5 Qc6 17. Nxe6 fxe6 18. Qe2 Qa4 19. b4 Qa3 20. O-O Qxc3
21. Rfe1 Rhf8 22. Rac1 Qd4 23. Rc5 Rd7 24. Bg6 Qf4 25. Rc2 Qd4 26. Rd2 Qc3 27.
Kg2 Rf4 28. Rc2 Qd4 29. Rd2 Qb6 30. a3 Bf8 31. Qd3 Be7 32. Rc1 Rd8 33. Rdc2 c6
34. Rf1 Rdf8 35. Bh5 Qd4 36. Bg6 Qxe5 37. Re2 Qf6 38. Kg1 Rf3 39. Re3 Rxf2 40.
Rfe1 Qf4 41. Rg3 Bd6 0-1

[Event "IV Open Internacional Calvia"]
[Site "Calvia"]
[Date "2007.10.23"]
[Round "9.50"]
[White "Ruiz Vinals, Matias"]
[Black "Skage, Oystein Aagedal"]
[Result "1-0"]
[WhiteElo "2164"]
[BlackElo "1956"]
[PlyCount "59"]
[EventDate "2007.??.??"]

1. d4 d5 2. c4 c6 3. Nc3 Nf6 4. Nf3 a6 5. cxd5 cxd5 6. Bf4 Nc6 7. e3 Bg4 8. Bd3
e6 9. Qb3 Bxf3 10. gxf3 Bd6 11. Bg3 O-O 12. Rc1 Qd7 13. Na4 Bb4+ 14. Kf1 Qe7
15. a3 Ba5 16. Kg2 e5 17. dxe5 Nxe5 18. Rhd1 b5 19. Nc3 Nc4 20. Qc2 Rac8 21.
Bxc4 Rxc4 22. Qf5 Qe6 23. Qe5 Rfc8 24. Ne2 Nd7 25. Qd6 Bd8 26. Rxc4 bxc4 27.
Rxd5 Nf6 28. Qxe6 fxe6 29. Rd6 Bc7 30. Rc6 1-0